| 000 | 00750cam a2200217 a 4500 | ||
|---|---|---|---|
| 001 | 000013047 | ||
| 005 | 20200929163128.0 | ||
| 008 | 750217s1968 ve a 001 0 spa | ||
| 040 |
_aDO-SdBNP _bspa _cNIC _dBNPHU |
||
| 082 |
_a352.12 _bC114m |
||
| 100 | 1 |
_aCabezas M., Ramiro _d1930- _q(Ramiro Cabezas Masses) _930160 |
|
| 245 | 1 | 0 |
_aManual del presupuesto para gobiernos municipales / _cRamiro Cabezas M. |
| 260 |
_aCaracas, (Venezuela) : _bFondo Editorial Común, _c1968. |
||
| 300 |
_a116, [7] p. : _bil. ; _c23cm. |
||
| 504 | _aBibliografía: p. 115 - [117] | ||
| 650 | 4 |
_aPresupuestos municipales _930161 |
|
| 650 | 4 |
_aHacienda municipal _930162 |
|
| 650 | 4 |
_aInversiones municipales _930163 |
|
| 910 | _aCatalogación derivada | ||
| 049 | _aBNGR | ||
| 999 |
_c12690 _d12690 |
||